| 000 | 01278ncm a2200325 c 4500 | ||
|---|---|---|---|
| 999 |
_c350190 _d350190 |
||
| 003 | BLK | ||
| 005 | 20200610094529.0 | ||
| 008 | 180414b bul |a|er|||| |0| c|bulo| | ||
| 010 | _aNOT00003823000 | ||
| 040 | _aBLK | ||
| 041 |
_aBUL _cBUL |
||
| 080 |
_aКларинет. Етюди, гами, учебна литература _b788.6.087.5 _z788.6.087.5 |
||
| 100 | 1 |
_954312 _aГлаванов, Илия Аспарухов |
|
| 139 |
_aГлаванов, Илия Аспарухов _bГ 52 |
||
| 245 | 1 | 0 |
_aБукварче за кларнетисти _cИлия Аспарухов Главанов. |
| 257 | _aBGR | ||
| 260 |
_bМузика _c1983 _9209430 _aСофия _n978-954-405- |
||
| 300 |
_a38 с. _c33 см |
||
| 380 | _a7 | ||
| 650 | 4 |
_aКларинет - етюди, гами _9353811 |
|
| 653 | _aкларинети | ||
| 653 | _aетюди | ||
| 852 |
_aЦб М ІІ 9320 _p0 _bЦб |
||
| 856 | 4 |
_qpdf _u |
|
| 856 | 4 |
_qpdf _u |
|
| 942 |
_cNOT _n0 _s1 |
||
| 944 |
_aCR _c16.11.2016 _kВиолета_Тройчева |
||
| 944 |
_aED _c14.09.2017 _kИрена_Линкова |
||
| 999 | _d350190 | ||
| 999 | _d350190 | ||
| 999 | _d320840 | ||